| 000 | 00698nam a22001817a 4500 | ||
|---|---|---|---|
| 005 | 20251108171201.0 | ||
| 008 | 250721s1992 xx 000 0 ara d | ||
| 082 | 1 | 4 | _a327.73/نيك |
| 100 | 1 | _aنيكسون، ريتشارد | |
| 245 | 1 | 0 |
_aأمريكا و الفرصة التاريخيه : _bكيف تواجه أمريكا الدولة العظمى الوحيدة المتحديات العالمية الراهنه / |
| 264 | 1 |
_aبيروت : _bمكتبة بيسان، _c1992. |
|
| 300 | _a278ص | ||
| 650 | 1 | 7 | _aالعلاقات الدولية |
| 650 | 1 | 7 | _aالولايات المتحدة |
| 700 | 1 |
_aإسماعيل، محمد زكريا _eترجمة |
|
| 942 |
_2ddc _cBK |
||
| 999 |
_c58753 _d58753 |
||